[Event "Iberoamerican-ch Rapid"]
[Site "Sant Boi"]
[Date "2023.12.09"]
[Round "5"]
[White "Pichot, Alan"]
[Black "Cuartas, Jaime Alexander"]
[Result "1/2-1/2"]
[WhiteElo "2651"]
[BlackElo "2526"]
[PlyCount "112"]
[EventDate "2023.12.09"]
[EventType "swiss (rapid)"]
[EventRounds "9"]
[EventCountry "ESP"]
[SourceTitle "CB50_2023"]
[SourceDate "2023.12.13"]
[SourceVersion "1"]
[SourceVersionDate "2023.12.13"]
[SourceQuality "1"]

1. e4 e5 2. Nf3 Nc6 3. Bb5 a6 4. Ba4 Nf6 5. 0-0 b5 6. Bb3 Bb7 7. d3 Bc5 8. c3 d6 9. a4 0-0 10. Bg5 h6 11. Bxf6 Qxf6 12. Bd5 Rab8 13. b4 Bb6 14. Na3 Ne7 15. Bxb7 Rxb7 16. axb5 axb5 17. Nxb5 c6 18. Na3 d5 19. Nc2 Ng6 20. Ne3 Rd8 21. Qc2 d4 22. cxd4 Bxd4 23. Ra6 Bxe3 24. fxe3 Qd6 25. d4 Qxb4 26. Rxc6 Qb3 27. Qe2 Qb5 28. Qxb5 Rxb5 29. Rfc1 exd4 30. Rc8 Rxc8 31. Rxc8+ Kh7 32. exd4 Nf4 33. g3 Ng6 34. d5 Rb7 35. Re8 f6 36. Kg2 h5 37. Kh3 Rb3 38. Kg2 Rb2+ 39. Kg1 Rb3 40. Nd4 Rd3 41. Nf5 Rd2 42. h3 Ne5 43. Nh4 g5 44. Rxe5 fxe5 45. Nf3 Rd1+ 46. Kf2 Kg7 47. Nxg5 Kf6 48. Nf3 Ra1 49. g4 hxg4 50. hxg4 Ra4 51. g5+ Ke7 52. Ke3 Ra3+ 53. Kf2 Ra4 54. Ke3 Ra3+ 55. Kf2 Ra4 56. Ke3 Ra3+ 1/2-1/2

[Event "COL-chT"]
[Site "Risaralda"]
[Date "2023.11.21"]
[Round "5.1"]
[White "Torres, Juan Camilo"]
[Black "Cuartas, Jaime Alexander"]
[Result "1/2-1/2"]
[WhiteElo "2273"]
[BlackElo "2528"]
[PlyCount "73"]
[EventDate "2023.11.19"]
[EventType "team-swiss"]
[EventRounds "7"]
[EventCountry "COL"]
[SourceTitle "CB49_2023"]
[SourceDate "2023.12.06"]
[SourceVersion "1"]
[SourceVersionDate "2023.12.06"]
[SourceQuality "1"]
[WhiteTeam "Caldas"]
[BlackTeam "Antioquia"]
[WhiteTeamCountry "COL"]
[BlackTeamCountry "COL"]

1. d4 d5 2. Nf3 Nf6 3. e3 c5 4. Bd3 Nc6 5. b3 Bg4 6. Bb2 cxd4 7. exd4 e6 8. a3 Bd6 9. Nbd2 0-0 10. 0-0 Bf4 11. Qe1 Rc8 12. Ne5 Nxe5 13. dxe5 Nd7 14. g3 Bg5 15. f4 Be7 16. Qe3 Bc5 17. Bd4 Qb6 18. Bxc5 Nxc5 19. Rfc1 Rfd8 20. Qd4 Qc7 21. Kg2 Nxd3 22. cxd3 Qxc1 23. Rxc1 Rxc1 24. h3 Rc2 25. hxg4 Rxd2+ 26. Kf3 Rc8 27. Ke3 Rg2 28. Qxa7 Rxg3+ 29. Kd4 g5 30. Qxb7 Rc2 31. Qb8+ Kg7 32. Qd8 h6 33. Qf6+ Kg8 34. Qd8+ Kg7 35. Qf6+ Kg8 36. Qd8+ Kg7 37. Qf6+ 1/2-1/2

[Event "ESP-chT CECLUB Div1"]
[Site "Linares"]
[Date "2023.08.26"]
[Round "7.19"]
[White "Kuzubov, Yuriy"]
[Black "Cuartas, Jaime Alexander"]
[Result "1-0"]
[WhiteElo "2627"]
[BlackElo "2530"]
[PlyCount "83"]
[EventDate "2023.08.20"]
[EventType "team-tourn"]
[EventRounds "7"]
[EventCountry "ESP"]
[SourceTitle "CBM 215 Extra"]
[Source "ChessBase"]
[SourceDate "2023.09.30"]
[SourceVersion "1"]
[SourceVersionDate "2023.09.30"]
[SourceQuality "1"]
[WhiteTeam "Oromana CEN Solutions"]
[BlackTeam "Barbera"]
[WhiteTeamCountry "ESP"]
[BlackTeamCountry "ESP"]

1. c4 c5 2. Nf3 Nc6 3. d4 cxd4 4. Nxd4 Nf6 5. Nc3 e6 6. g3 Bc5 7. Nb3 Bb4 8. Bg2 d5 9. cxd5 Nxd5 10. Bd2 Nxc3 11. bxc3 Be7 12. 0-0 e5 13. Be3 Qc7 14. Qd3 0-0 15. Bc5 Be6 16. Qe3 Rfc8 17. Rfd1 h6 18. Bxe7 Nxe7 19. Nc5 Nc6 20. Nxe6 fxe6 21. Bxc6 bxc6 22. Rd3 Rd8 23. Rad1 Rxd3 24. Qxd3 Rb8 25. Qc4 Kf7 26. Rd3 Qc8 27. Qe4 Qc7 28. Qh7 e4 29. Qxe4 Rb5 30. Rf3+ Rf5 31. Rxf5+ exf5 32. Qxf5+ Kg8 33. Qe6+ Kh8 34. e4 Qb6 35. Kg2 a5 36. a4 Qb7 37. h4 c5 38. g4 Qc7 39. g5 hxg5 40. hxg5 c4 41. Qh3+ Kg8 42. g6 1-0

[Event "ESP-chT CECLUB Div1"]
[Site "Linares"]
[Date "2023.08.21"]
[Round "2.1"]
[White "Cuartas, Jaime Alexander"]
[Black "Bjerre, Jonas Buhl"]
[Result "0-1"]
[WhiteElo "2530"]
[BlackElo "2624"]
[PlyCount "86"]
[EventDate "2023.08.20"]
[EventType "team-tourn"]
[EventRounds "7"]
[EventCountry "ESP"]
[SourceTitle "CBM 215 Extra"]
[Source "ChessBase"]
[SourceDate "2023.09.30"]
[SourceVersion "1"]
[SourceVersionDate "2023.09.30"]
[SourceQuality "1"]
[WhiteTeam "Barbera"]
[BlackTeam "Ourense"]
[WhiteTeamCountry "ESP"]
[BlackTeamCountry "ESP"]

1. d4 Nf6 2. Nf3 d5 3. c4 e6 4. Nc3 Nbd7 5. cxd5 exd5 6. Bg5 Bb4 7. Qa4 c5 8. e3 0-0 9. Bd3 h6 10. Bxf6 Nxf6 11. 0-0 Bd7 12. Qb3 Bxc3 13. Qxc3 c4 14. Bc2 b5 15. a4 bxa4 16. Ne5 Bb5 17. Bxa4 Bxa4 18. Rxa4 Qb6 19. f3 Rab8 20. Rf2 Rb7 21. Re2 Rfb8 22. Qa3 Qc7 23. Ra6 Re8 24. Kf2 Qb8 25. Ra5 Re6 26. Qc3 Rb3 27. Qc1 Reb6 28. Ra2 a5 29. e4 dxe4 30. Qxc4 Qb7 31. Rxa5 Rxb2 32. Ra8+ Kh7 33. Ra2 Rxa2 34. Qxa2 exf3 35. Qc2+ g6 36. gxf3 Kg7 37. Qc4 Nd5 38. Rc2 Rd6 39. Re2 Nf4 40. Rc2 Qe7 41. Kf1 Rb6 42. Rc1 Rb2 43. Re1 Rxh2 0-1

[Event "Barbera del Valles op 45th"]
[Site "Barbera del Valles"]
[Date "2023.07.07"]
[Round "4"]
[White "Cuartas, Jaime Alexander"]
[Black "Alcala Gonzalez, Cesar"]
[Result "1/2-1/2"]
[WhiteElo "2526"]
[BlackElo "2329"]
[PlyCount "112"]
[EventDate "2023.07.04"]
[EventType "swiss"]
[EventRounds "9"]
[EventCountry "ESP"]
[SourceTitle "CBM 215 Extra"]
[Source "ChessBase"]
[SourceDate "2023.09.30"]
[SourceVersion "1"]
[SourceVersionDate "2023.09.30"]
[SourceQuality "1"]

1. e4 c6 2. d3 d5 3. Nd2 e5 4. Ngf3 Bd6 5. d4 exd4 6. exd5 Nf6 7. dxc6 Nxc6 8. Nb3 0-0 9. Be2 Re8 10. 0-0 Qc7 11. h3 Bf5 12. Nbxd4 Nxd4 13. Nxd4 Rad8 14. c3 Bc5 15. Be3 Nd5 16. Bg5 Nf6 17. Bb5 Bxd4 18. cxd4 Re6 19. Qf3 Be4 20. Qa3 h6 21. Bxf6 Rxf6 22. Rae1 Bd5 23. Bd3 Qb6 24. Qe7 Re6 25. Rxe6 Bxe6 26. Bb1 g6 27. Re1 Rd7 28. Qc5 Rxd4 29. Qxb6 axb6 30. Bxg6 Rd2 31. b4 Bxa2 32. Bh5 Rd4 33. Re2 Bd5 34. Rb2 Kg7 35. Be2 f5 36. g3 f4 37. gxf4 Kf6 38. Kh2 Rxf4 39. Kg3 Ke5 40. Rd2 Be6 41. Bg4 Bxg4 42. hxg4 Rxb4 43. Rd7 Kf6 44. Rxb7 Kg6 45. Rd7 b5 46. f4 Rb3+ 47. Kh4 Rb1 48. Kg3 b4 49. f5+ Kf6 50. Rh7 Rh1 51. Rb7 Rb1 52. Rh7 Rh1 53. Kg2 Rh4 54. Kg3 Rh1 55. Rb7 Rb1 56. Rh7 Rh1 1/2-1/2

[Event "Barbera del Valles op 45th"]
[Site "Barbera del Valles"]
[Date "2023.07.06"]
[Round "3"]
[White "Perez Bolanos, Joel"]
[Black "Cuartas, Jaime Alexander"]
[Result "0-1"]
[WhiteElo "2055"]
[BlackElo "2526"]
[PlyCount "104"]
[EventDate "2023.07.04"]
[EventType "swiss"]
[EventRounds "9"]
[EventCountry "ESP"]
[SourceTitle "CBM 215 Extra"]
[Source "ChessBase"]
[SourceDate "2023.09.30"]
[SourceVersion "1"]
[SourceVersionDate "2023.09.30"]
[SourceQuality "1"]

1. e4 c5 2. d4 cxd4 3. c3 dxc3 4. Nxc3 Nc6 5. Nf3 e6 6. Bc4 Bb4 7. 0-0 Nge7 8. Qe2 0-0 9. Rd1 Bxc3 10. bxc3 d5 11. exd5 exd5 12. Ba3 Re8 13. Bxe7 Qxe7 14. Qxe7 Nxe7 15. Bxd5 Nxd5 16. Rxd5 Be6 17. Rb5 b6 18. Nd4 Bxa2 19. h3 Be6 20. Nxe6 Rxe6 21. c4 Rc6 22. c5 Rxc5 23. Rxb6 a5 24. Rab1 g6 25. Rb8+ Rc8 26. R8b5 a4 27. Ra1 Rc4 28. Rb7 Kg7 29. Ra3 Ra6 30. Rf3 Rf6 31. Rxf6 Kxf6 32. Ra7 h5 33. g3 h4 34. g4 Rf4 35. Kg2 g5 36. Ra5 Kg6 37. Ra6+ Kg7 38. Ra5 f6 39. Ra7+ Kf8 40. f3 Ke8 41. Kf2 Kd8 42. Ke3 Kc8 43. Ra8+ Kb7 44. Ra5 Kb6 45. Ra8 Kb5 46. Rb8+ Kc4 47. Rb6 a3 48. Ra6 Kb3 49. Rd6 a2 50. Rd3+ Ka4 51. Rd1 Rb4 52. Rd6 Ka3 0-1

[Event "Barbera del Valles op 45th"]
[Site "Barbera del Valles"]
[Date "2023.07.04"]
[Round "1"]
[White "Deshmukh, Anup"]
[Black "Cuartas, Jaime Alexander"]
[Result "1-0"]
[WhiteElo "2121"]
[BlackElo "2526"]
[PlyCount "102"]
[EventDate "2023.07.04"]
[EventType "swiss"]
[EventRounds "9"]
[EventCountry "ESP"]
[SourceTitle "CBM 215 Extra"]
[Source "ChessBase"]
[SourceDate "2023.09.30"]
[SourceVersion "1"]
[SourceVersionDate "2023.09.30"]
[SourceQuality "1"]

1. c4 c5 2. Nc3 Nc6 3. g3 h5 4. Bg2 h4 5. g4 d6 6. h3 e5 7. e3 g6 8. Nge2 Bg7 9. a3 Nge7 10. b4 0-0 11. b5 Na5 12. d3 f5 13. gxf5 gxf5 14. Rg1 Be6 15. Bb2 Rf6 16. Nd5 Nxd5 17. Bxd5 Bxd5 18. cxd5 b6 19. Qa4 Rf7 20. f4 Qe7 21. Rg6 Re8 22. Kf2 Rf6 23. Rg2 Rf7 24. Rag1 c4 25. fxe5 dxe5 26. d4 Kh7 27. Qb4 exd4 28. Qxe7 Rexe7 29. Bxd4 Nb7 30. Nf4 Bxd4 31. exd4 Nd6 32. Ne6 Ne4+ 33. Kf3 c3 34. Kf4 Kh6 35. Rg8 Ng3 36. Rg2 Rd7 37. Rh8+ Rh7 38. Rc8 Rxd5 39. Rxc3 Re7 40. Rc6 Kh7 41. a4 Ne4 42. Rgc2 Kg8 43. Rc8+ Kf7 44. Nd8+ Kf6 45. Nc6 Rg7 46. Rf8+ Ke6 47. Rh8 Kd7 48. Re2 Kc7 49. Ne5 Rd6 50. Nc6 Rg1 51. Rc2 Re1 1-0

[Event "Andorra op 38th"]
[Site "Escaldes"]
[Date "2022.07.25"]
[Round "2"]
[White "Cuartas, Jaime Alexander"]
[Black "Defromont, Benjamin"]
[Result "0-1"]
[WhiteElo "2513"]
[BlackElo "2268"]
[PlyCount "158"]
[EventDate "2022.07.24"]
[EventType "swiss"]
[EventRounds "9"]
[EventCountry "AND"]
[SourceTitle "CBM 209 Extra"]
[Source "ChessBase"]
[SourceDate "2022.09.30"]
[SourceVersion "1"]
[SourceVersionDate "2022.09.30"]
[SourceQuality "1"]

1. d4 Nf6 2. Nf3 e6 3. c4 Bb4+ 4. Bd2 Bxd2+ 5. Nbxd2 d5 6. e3 0-0 7. Qc2 Nbd7 8. cxd5 exd5 9. Rc1 c6 10. Bd3 Qe7 11. 0-0 Re8 12. a3 a5 13. e4 dxe4 14. Bxe4 Nxe4 15. Nxe4 Nf6 16. Nc5 Bg4 17. Rfe1 Qc7 18. Ne5 Rad8 19. Qc3 Nd5 20. Qd2 Bc8 21. Nb3 f6 22. Nc4 a4 23. Nc5 b6 24. Nd3 Ba6 25. Qc2 Bb5 26. g3 Qd7 27. b3 axb3 28. Qxb3 Kh8 29. Rxe8+ Rxe8 30. a4 Ba6 31. Ndb2 Qg4 32. Nd6 Re2 33. Nbc4 h6 34. Nf7+ Kh7 35. Qd3+ Kg8 36. Kf1 Re7 37. Nfd6 Qh3+ 38. Kg1 Nf4 39. Qf1 Ne2+ 40. Kh1 Qg4 41. f3 Qe6 42. Rc2 Nxd4 43. Rc1 Ne2 44. Rc2 b5 45. Ne4 Nd4 46. Rd2 Nxf3 47. Rd8+ Kh7 48. Ncd6 Ne5 49. Qb1 Ng6 50. Qd1 bxa4 51. Kg1 Bc4 52. Nxc4 Qxe4 53. Rd4 Qf5 54. Kg2 c5 55. Nd6 Qe6 56. Rxa4 Rd7 57. Ra6 c4 58. h4 f5 59. Qd4 c3 60. Qd3 c2 61. Qxc2 Rxd6 62. Rxd6 Qxd6 63. Qxf5 Qe5 64. Qd3 h5 65. Kh2 Qe6 66. Qc2 Kg8 67. Qd1 Ne5 68. Kg2 Qc6+ 69. Kh3 Qd7+ 70. Qxd7 Nxd7 71. g4 g6 72. gxh5 gxh5 73. Kg3 Kf7 74. Kf4 Kf6 75. Ke4 Ne5 76. Kf4 Ng6+ 77. Kg3 Kf5 78. Kh3 Kf4 79. Kh2 Nxh4 0-1

[Event "Barbera del Valles op 44th"]
[Site "Barbera del Valles"]
[Date "2022.07.12"]
[Round "9"]
[White "Narciso Dublan, Marc"]
[Black "Cuartas, Jaime Alexander"]
[Result "0-1"]
[WhiteElo "2461"]
[BlackElo "2513"]
[PlyCount "84"]
[EventDate "2022.07.04"]
[EventType "swiss"]
[EventRounds "9"]
[EventCountry "ESP"]
[SourceTitle "EXT 2023"]
[Source "ChessBase"]
[SourceDate "2022.10.05"]
[SourceVersion "1"]
[SourceVersionDate "2022.10.05"]
[SourceQuality "1"]

1. g3 d5 2. Bg2 Nf6 3. d3 e5 4. Nf3 Nc6 5. 0-0 Be7 6. a3 a5 7. Nc3 d4 8. Nb5 0-0 9. e3 a4 10. exd4 Nxd4 11. Nbxd4 exd4 12. Re1 Re8 13. Bg5 h6 14. Bxf6 Bxf6 15. Nd2 Rxe1+ 16. Qxe1 c6 17. b4 axb3 18. cxb3 Be7 19. b4 Be6 20. Qc1 Ra4 21. Nc4 Ra7 22. h4 Qa8 23. Nb6 Qf8 24. Rb1 Qd8 25. Nc4 Bxc4 26. Qxc4 Rxa3 27. b5 Rc3 28. Qa4 Rxd3 29. bxc6 bxc6 30. Bxc6 Ra3 31. Qd1 d3 32. Qh5 Ra5 33. Qf3 d2 34. Rd1 Re5 35. Kg2 Bb4 36. Qb3 Qd4 37. Bf3 g6 38. Qa4 Re1 39. Qa8+ Kg7 40. Qa4 h5 41. Qc2 Bc3 42. Qb3 Qd3 0-1

[Event "Barbera del Valles op 44th"]
[Site "Barbera del Valles"]
[Date "2022.07.06"]
[Round "3"]
[White "Cuartas, Jaime Alexander"]
[Black "Rios, Cristhian Camilo"]
[Result "0-1"]
[WhiteElo "2513"]
[BlackElo "2399"]
[PlyCount "122"]
[EventDate "2022.07.04"]
[EventType "swiss"]
[EventRounds "9"]
[EventCountry "ESP"]
[SourceTitle "EXT 2023"]
[Source "ChessBase"]
[SourceDate "2022.10.05"]
[SourceVersion "1"]
[SourceVersionDate "2022.10.05"]
[SourceQuality "1"]

1. e4 c5 2. Nf3 Nc6 3. Bb5 e6 4. Bxc6 bxc6 5. d3 Ne7 6. e5 Ng6 7. b3 f6 8. Bb2 fxe5 9. Nxe5 Qf6 10. Qh5 d6 11. Nc4 e5 12. 0-0 Qf5 13. Qxf5 Bxf5 14. Nbd2 Kd7 15. f3 Be7 16. Ne4 Rhf8 17. Nf2 Nh4 18. Ne4 Ng6 19. Rad1 Be6 20. Ba3 Rfb8 21. Nc3 Nf4 22. Rfe1 g5 23. Ne4 Kc7 24. Bb2 Ng6 25. h3 Rf8 26. Ba3 h5 27. Nf2 a5 28. c3 a4 29. b4 cxb4 30. cxb4 Nf4 31. Rc1 g4 32. hxg4 hxg4 33. g3 Nh3+ 34. Nxh3 Rxf3 35. Nf4 Rxg3+ 36. Ng2 Bg5 37. Rc2 Rxd3 38. Bc1 Bd8 39. Be3 Kd7 40. Kf2 Bc7 41. Ke2 Bxc4 42. Rxc4 Ra3 43. Rc2 Rb8 44. Bd2 Bb6 45. Rh1 Rh3 46. Rxh3 gxh3 47. Ne3 Bxe3 48. Kxe3 Rg8 49. Rc1 Rg3+ 50. Ke2 Rg2+ 51. Kd3 h2 52. Rh1 Ke6 53. a3 Kf5 54. Be3 Kg4 55. Bb6 Kh3 56. Rf1 Rg4 57. Be3 Rg3 58. Ke2 Rxe3+ 59. Kxe3 Kg2 60. Rf2+ Kg1 61. Rd2 h1Q 0-1

[Event "Barbera del Valles"]
[Site "Barbera del Valles"]
[Date "2020.07.??"]
[Round "4"]
[White "Perez Manas, Benjamin"]
[Black "Cuartas, Jaime Alexander"]
[Result "1-0"]
[WhiteElo "2280"]
[BlackElo "2508"]
[PlyCount "51"]
[EventDate "2020.07.??"]
[EventType "tourn"]
[EventRounds "9"]
[EventCountry "ESP"]
[EventCategory "8"]
[SourceTitle "EXT 2024"]
[Source "ChessBase"]
[SourceDate "2023.10.10"]
[SourceVersion "1"]
[SourceVersionDate "2023.10.10"]
[SourceQuality "1"]

1. e4 c5 2. Nf3 a6 3. c3 Nf6 4. e5 Nd5 5. d4 cxd4 6. Bc4 Nb6 7. Bb3 d5 8. exd6 Qxd6 9. cxd4 e6 10. 0-0 Be7 11. Nc3 0-0 12. Re1 Nc6 13. Qd3 Rd8 14. a3 Nd5 15. Bc2 g6 16. Bh6 Nxc3 17. bxc3 b5 18. Ng5 Qd5 19. Qg3 Bb7 20. Nxe6 Bd6 21. Nxd8 Rxd8 22. Qg4 f5 23. Qg5 Be7 24. Rxe7 Nxe7 25. Bb3 Qxb3 26. Qxe7 1-0

[Event "Catalunya-chT Gp2"]
[Site "Barcelona"]
[Date "2020.02.22"]
[Round "6.2"]
[White "Cuartas, Jaime Alexander"]
[Black "Valenzuela Gomez, Fernando Alberto"]
[Result "1/2-1/2"]
[WhiteElo "2508"]
[BlackElo "2335"]
[PlyCount "32"]
[EventDate "2020.01.18"]
[EventType "team-tourn"]
[EventRounds "7"]
[EventCountry "ESP"]
[SourceTitle "CBM 195 Extra"]
[Source "ChessBase"]
[SourceDate "2020.05.31"]
[SourceVersion "1"]
[SourceVersionDate "2020.05.31"]
[SourceQuality "1"]
[WhiteTeam "Barbera"]
[BlackTeam "Valls"]
[WhiteTeamCountry "ESP"]
[BlackTeamCountry "ESP"]

1. d4 Nf6 2. Nf3 g6 3. g3 d5 4. c4 dxc4 5. Qa4+ Nc6 6. Bg2 Nd7 7. Qxc4 Nb6 8. Qc2 Bg7 9. 0-0 0-0 10. Rd1 Bf5 11. Qc5 Qd6 12. Qxd6 cxd6 13. Nc3 Bg4 14. Bg5 h6 15. Be3 Nc4 16. h3 Nxe3 1/2-1/2

[Event "COL-chT 21st"]
[Site "Cartagena"]
[Date "2019.11.30"]
[Round "4.1"]
[White "Cuartas, Jaime Alexander"]
[Black "Valderrama Quiceno, Esteban Alberto"]
[Result "0-1"]
[WhiteElo "2414"]
[BlackElo "2560"]
[PlyCount "102"]
[EventDate "2019.11.30"]
[EventType "team-swiss"]
[EventRounds "9"]
[EventCountry "COL"]
[SourceTitle "CBM 195 Extra"]
[Source "ChessBase"]
[SourceDate "2020.05.31"]
[SourceVersion "1"]
[SourceVersionDate "2020.05.31"]
[SourceQuality "1"]
[WhiteTeam "Antioquia"]
[BlackTeam "Bolivar"]
[WhiteTeamCountry "COL"]
[BlackTeamCountry "COL"]

1. e4 d6 2. Nf3 Nf6 3. Nc3 g6 4. d4 Bg7 5. Bc4 0-0 6. Qe2 Bg4 7. h3 Bxf3 8. Qxf3 Nc6 9. Be3 e5 10. d5 Nd4 11. Qd1 c6 12. dxc6 bxc6 13. 0-0 d5 14. Bd3 Ne6 15. Bd2 Rb8 16. b3 Qc7 17. Re1 Rfd8 18. Qc1 Nc5 19. Bg5 Rd7 20. Rb1 a5 21. a3 Ne6 22. exd5 cxd5 23. Nb5 Qc6 24. Bxf6 Bxf6 25. a4 e4 26. Bf1 Rc8 27. Qd1 Kg7 28. g3 h5 29. h4 Qxc2 30. Bg2 Qxd1 31. Rbxd1 Rdd8 32. Re2 Bc3 33. Rc2 Bb4 34. Rxc8 Rxc8 35. Rxd5 Rc1+ 36. Kh2 Rc2 37. Bxe4 Rxf2+ 38. Bg2 Nc5 39. Nd4 Rb2 40. Nc6 Nxb3 41. Kh3 Ra2 42. Rd7 Nc5 43. Ra7 Rd2 44. Nxa5 Ne6 45. Nc6 Bc5 46. Ne5 Bxa7 47. Nf3 Ra2 48. Ne5 Rxa4 49. Nc6 Bc5 50. Bd5 Ra3 51. Ne5 Bd6 0-1

[Event "COL-chT rapid"]
[Site "Cartagena"]
[Date "2019.11.29"]
[Round "7.1"]
[White "Vargas Arteaga, Alexis"]
[Black "Cuartas, Jaime Alexander"]
[Result "1-0"]
[WhiteElo "2339"]
[BlackElo "2512"]
[PlyCount "173"]
[EventDate "2019.11.29"]
[EventType "team-swiss"]
[EventRounds "7"]
[EventCountry "COL"]
[SourceTitle "CBM 193 Extra"]
[Source "ChessBase"]
[SourceDate "2020.01.31"]
[SourceVersion "1"]
[SourceVersionDate "2020.01.31"]
[SourceQuality "1"]
[WhiteTeam "Santander"]
[BlackTeam "Antioquia"]
[WhiteTeamCountry "COL"]
[BlackTeamCountry "COL"]

1. e4 c6 2. d3 d5 3. Nd2 g6 4. g3 Bg7 5. Bg2 e5 6. Ngf3 Ne7 7. 0-0 0-0 8. Re1 Nd7 9. b3 a5 10. Bb2 d4 11. a4 b6 12. Nc4 Ba6 13. Ncd2 Rc8 14. Ba3 c5 15. Bc1 Qc7 16. Nc4 Nc6 17. Nh4 Bf6 18. Qg4 Nb4 19. Re2 h5 20. Qh3 Rb8 21. f4 Kg7 22. Bf1 Rh8 23. Qg2 Bxc4 24. bxc4 exf4 25. Bxf4 Ne5 26. h3 Qe7 27. Nf3 Nxf3+ 28. Qxf3 Be5 29. Rf2 Rb7 30. Bg2 h4 31. g4 Qf6 32. Bc1 Qxf3 33. Bxf3 f6 34. Bd1 Bg3 35. Rf1 g5 36. Rb1 Re8 37. Kg2 Ree7 38. Bd2 Bc7 39. Rf5 Be5 40. Be1 Nc6 41. Bf3 Nd8 42. Bd2 Ne6 43. Kf1 Rb8 44. Ke2 Kg6 45. Bg2 Bf4 46. Rf1 Be5 47. Kd1 Kg7 48. Ke2 Kg6 49. Rb1 Ng7 50. Rff1 Ree8 51. Rb3 Ne6 52. Rfb1 Kf7 53. Rxb6 Rxb6 54. Rxb6 Ra8 55. Rb5 Ke7 56. Rxa5 Rxa5 57. Bxa5 Kd7 58. Kd1 Kc6 59. Bf1 Kb7 60. Kc1 Bc7 61. Bxc7 Kxc7 62. Kd2 Kb6 63. Ke2 Ka5 64. Kf3 Kxa4 65. e5 fxe5 66. Ke4 Kb4 67. Kxe5 Nc7 68. Kf5 Kc3 69. Kxg5 Kxc2 70. Kf6 Kd2 71. g5 Ke1 72. g6 Kxf1 73. Kf7 Ke2 74. g7 Kxd3 75. g8Q Kxc4 76. Ke7+ Kb4 77. Qg4 Nb5 78. Qxh4 c4 79. Qe1+ c3 80. h4 d3 81. Qe4+ Kb3 82. Qxd3 Na3 83. h5 Kb2 84. h6 c2 85. Qxc2+ Kxc2 86. h7 Nc4 87. h8Q 1-0

[Event "COL-chT"]
[Site "Cartagena"]
[Date "2019.11.25"]
[Round "3.1"]
[White "Rios, Cristhian Camilo"]
[Black "Cuartas, Jaime Alexander"]
[Result "1/2-1/2"]
[WhiteElo "2505"]
[BlackElo "2504"]
[PlyCount "96"]
[EventDate "2019.11.24"]
[EventType "team-swiss"]
[EventRounds "7"]
[EventCountry "COL"]
[SourceTitle "CBM 193 Extra"]
[Source "ChessBase"]
[SourceDate "2020.01.31"]
[SourceVersion "1"]
[SourceVersionDate "2020.01.31"]
[SourceQuality "1"]
[WhiteTeam "Valle"]
[BlackTeam "Antioquia"]
[WhiteTeamCountry "COL"]
[BlackTeamCountry "COL"]

1. Nf3 Nf6 2. c4 e6 3. Nc3 Bb4 4. Qc2 0-0 5. a3 Bxc3 6. Qxc3 b6 7. b4 d6 8. Bb2 Bb7 9. e3 Nbd7 10. Be2 c5 11. 0-0 e5 12. d3 Re8 13. Rfe1 Rc8 14. Rad1 Qc7 15. Qb3 d5 16. cxd5 Bxd5 17. Qc3 Qb8 18. Rc1 h6 19. e4 Bb7 20. bxc5 Nxc5 21. Qb4 Rcd8 22. Red1 Ba6 23. Bxe5 Rxe5 24. Nxe5 Qxe5 25. d4 Rxd4 26. Qxd4 Qxd4 27. Rxd4 Bxe2 28. Rd8+ Kh7 29. f3 Bb5 30. Ra8 a6 31. Rd1 Nfd7 32. Rd6 g6 33. Kf2 Kg7 34. Ke3 Ne5 35. Rdd8 Nc4+ 36. Kf2 Nxa3 37. h4 h5 38. g4 hxg4 39. e5 Nd3+ 40. Kg3 Nxe5 41. fxg4 Nac4 42. h5 Bd7 43. Rg8+ Kh6 44. Rh8+ Kg5 45. h6 Nd6 46. Rhe8 Ne4+ 47. Kg2 Kxh6 48. Rxe5 Nc5 1/2-1/2